Movies Quiz

Random Movies or Quote Quiz

Finish the Movie Quote Quiz Stats

 Plays Quiz Updated Dec 9, 2014

Score 0/16 Timer 07:00
0 Plays Today
Quote Line % Correct
Frankly, my dear...I don't give a damn
81%
I'm gonna make him an...offer he can't refuse
73.4%
The first rule of Fight Club is, you...do not talk about Fight Club
70.9%
My name is Inigo Montoya...You killed my father. Prepare to die
67.3%
All work and no play...makes Jack a dull boy
57.9%
Roads? Where we're going...we don't need roads
57.2%
Get busy living, or...get busy dying
57.1%
What we've got here is...failure to communicate
50%
Quote Line % Correct
Take your stinking paws off me...you damned dirty ape
47%
Gentlemen, you can't fight in here...this is the war room
40.9%
I'm as mad as hell, and I'm...not going to take this anymore
39.9%
You know how to whistle, don't you, Steve? You just...put your lips together and blow
32.4%
I have one simple request. And that is to have sharks with frickin'... laser beams attached to their heads
25.7%
You're all clear, kid! Now let's...blow this thing and go home
11.4%
I coulda had class. I coulda been a contender. I coulda been somebody...instead of a bum, which is what I am
7.1%
I do mind, the Dude minds...this will not stand
3.3%

You're not logged in!

Compare scores with friends on all Sporcle quizzes.
OR
Log In

Sporcle TV

Today on Sporcle TV


Watch our educational content, quiz creation guides, and fun videos on Sporcle TV.

Show Comments

Extras

Top Quizzes Today


Score Distribution

Your Account Isn't Verified!

In order to create a playlist on Sporcle, you need to verify the email address you used during registration. Go to your Sporcle Settings to finish the process.

Report this User

Report this user for behavior that violates our Community Guidelines.

Details: